000 00695nam a22002057a 4500
003 AUA.1
005 20260129094823.0
008 251120b |||||||| |||| 00| 0 eng d
020 _a9789787787793
040 _cJTL
050 _aBX6149
_b.M374 2025
100 _aMasfa, Gabriel
245 _aThe legacy of Ellen G. White in Africa :
_bcontributions and influence /
_cGabriel Masfa.
260 _aOgun State, Nigeria :
_bBabcock University Press;
_cc2025.
300 _axvi, 142 pages :
_c21 cm.
600 _aWhite, Ellen Gould (Harmon)
650 _aSeventh-day Adventists
_vHistory
650 _aSeventh-day Adventists
_vAfrica
942 _2lcc
_cBOOK
_hBX 6149
_i.M374 2025
999 _c25262
_d25262